|
|
|
|
| LEADER |
01992nam a2200457 i 4500 |
| 001 |
EBC4906774 |
| 003 |
MiAaPQ |
| 005 |
20200520144314.0 |
| 006 |
m o d | |
| 007 |
cr cnu|||||||| |
| 008 |
171010t20172012enk ob 001 0 eng d |
| 020 |
|
|
|z 9781412847674
|
| 020 |
|
|
|a 9781351504317 (e-book)
|
| 035 |
|
|
|a (MiAaPQ)EBC4906774
|
| 035 |
|
|
|a (Au-PeEL)EBL4906774
|
| 035 |
|
|
|a (CaPaEBR)ebr11443784
|
| 035 |
|
|
|a (OCoLC)1004612673
|
| 040 |
|
|
|a MiAaPQ
|b eng
|e rda
|e pn
|c MiAaPQ
|d MiAaPQ
|
| 043 |
|
|
|a d------
|
| 050 |
|
4 |
|a HC59.72.E44
|b .T466 2017
|
| 082 |
0 |
|
|a 332.1/53091724
|2 23
|
| 100 |
1 |
|
|a Thomas, Vinod,
|d 1949-
|e author.
|
| 245 |
1 |
0 |
|a Multilateral banks and the development process :
|b vital links in the results chain /
|c Vinod Thomas and Xubei Luo.
|
| 264 |
|
1 |
|a London, [England] ;
|a New York, New York :
|b Routledge,
|c 2017.
|
| 264 |
|
4 |
|c 2012
|
| 300 |
|
|
|a 1 online resource (179 pages)
|
| 336 |
|
|
|a text
|2 rdacontent
|
| 337 |
|
|
|a computer
|2 rdamedia
|
| 338 |
|
|
|a online resource
|2 rdacarrier
|
| 504 |
|
|
|a Includes bibliographical references and index.
|
| 588 |
|
|
|a Description based on print version record.
|
| 590 |
|
|
|a Electronic reproduction. Ann Arbor, MI : ProQuest, 2016. Available via World Wide Web. Access may be limited to ProQuest affiliated libraries.
|
| 650 |
|
0 |
|a Economic assistance
|z Developing countries
|x Evaluation.
|
| 650 |
|
0 |
|a Economic development
|z Developing countries.
|
| 650 |
|
0 |
|a Development banks.
|
| 650 |
|
0 |
|a Economic development projects
|z Developing countries
|x Evaluation.
|
| 655 |
|
4 |
|a Electronic books.
|
| 700 |
1 |
|
|a Luo, Xubei,
|e author.
|
| 776 |
0 |
8 |
|i Print version:
|a Thomas, Vinod, 1949-
|t Multilateral banks and the development process : vital links in the results chain.
|d London, [England] ; New York, New York : Routledge, 2017, c2012
|h xxiii, 156 pages
|z 9781412847674
|w 2012005689
|
| 797 |
2 |
|
|a ProQuest (Firm)
|
| 856 |
4 |
0 |
|u https://ebookcentral.proquest.com/lib/matrademy/detail.action?docID=4906774
|z Click to View
|